[Event "SAIF POWERTEC 45th BAN Ch 2019"]
[Site "Dhaka"]
[Date "2019.11.08"]
[Round "7.2"]
[White "Mohammad Minhaz Uddin"]
[Black "Rahman, Taibur"]
[Result "1/2-1/2"]
[WhiteElo "2322"]
[BlackElo "2196"]
[Annotator "TA"]
[PlyCount "90"]
[EventDate "2019.11.02"]
[EventType "swiss"]
[EventCountry "BAN"]
[SourceTitle "playchess.com"]
[Source "ChessBase"]
[SourceQuality "1"]

{[%evp 25,90,20,47,-2,33,6,36,20,28,26,45,0,0,-29,13,8,12,0,17,0,0,0,30,23,33,0,6,8,16,0,76,76,76,76,72,64,66,61,76,45,45,45,45,45,45,45,45,41,41,41,45,45,45,0,45,0,9,8,8,8,72,51,51,3,3,0,26]} 1. e4 c5 2. Nf3 e6 3. d4 cxd4 4. Nxd4 Nf6 5. Nc3 Nc6 6. Ndb5 Bb4 7. a3 Bxc3+ 8. Nxc3 d5 9. exd5 exd5 10. Bd3 d4 11. Ne2 O-O 12. O-O Bg4 13. f3 Bh5 $1 14. Rf2 {B45: Sicilian Four Knights} Nd5 15. b4 Nc3 $146 ({Predecessor:} 15... Ne5 16. Nxd4 Re8 17. Bf1 Rc8 18. Nb3 Nc3 19. Qxd8 Rexd8 20. Rd2 Re8 {1-0 (43) Triapishko,A (2508)-Wang,S (2330) Porto Carras 2018}) 16. Qd2 {White is slightly better.} Nxe2+ 17. Rxe2 a6 18. a4 Bg6 19. Ba3 Re8 20. Rxe8+ Qxe8 21. Re1 Qd7 22. b5 $36 {[%mdl 2048] White is pushing.} axb5 23. Bxb5 Re8 24. Rxe8+ Qxe8 25. Bc5 Qe5 26. Bb6 {White wants to play Bxc6.} Qd6 (26... Qd5 {feels hotter.} 27. h3 h6 28. h4 Qa2 29. Kf2 Qd5) 27. Bxc6 (27. a5 {keeps more tension.} h6 28. Kf2 Kh7 29. Kf1 Qf6 30. Kg1) 27... bxc6 (27... Qxc6 $11 {remains equal.} 28. Qxd4 Qe8) 28. Qxd4 $16 Qxd4+ 29. Bxd4 Bxc2 $11 {[%mdl 4096] Endgame KB-KB} 30. a5 {[#] Threatens to win with a6.} Bd3 31. Kf2 f6 32. Ba7 Kf7 33. Ke3 Bf1 34. g3 Ke6 35. Kd4 Kd7 36. Kc5 Kc7 37. Bb6+ Kd7 38. Kd4 Kc8 39. Kc5 Kd7 40. Ba7 Kc7 41. f4 g5 (41... Kb7 $5 42. Bb6 $8 g5 $14) 42. Bb6+ Kd7 (42... Kb7 $11) 43. f5 Bd3 44. Ba7 Kc7 45. Bb6+ Kd7 $1 {Accuracy: White = 31%, Black = 53%.} 1/2-1/2

[Event "SAIF POWERTEC 45th BAN Ch 2019"]
[Site "Dhaka"]
[Date "2019.11.08"]
[Round "7.3"]
[White "Manon, Reja Neer"]
[Black "Rahman, Ziaur"]
[Result "1/2-1/2"]
[WhiteElo "1829"]
[BlackElo "2471"]
[Annotator "TA"]
[PlyCount "105"]
[EventDate "2019.11.02"]
[EventType "swiss"]
[EventCountry "BAN"]
[SourceTitle "playchess.com"]
[Source "ChessBase"]
[SourceQuality "1"]

{[%evp 16,105,37,23,29,42,60,43,47,35,80,-39,-25,-76,-35,-131,-120,-120,-95,-116,-90,-93,-79,-98,-99,-109,0,0,0,0,0,0,0,0,9,-37,0,0,0,-62,-16,-51,0,0,0,0,0,10,40,-39,-31,-35,-25,-116,102,90,82,98,158,158,158,158,158,158,155,91,96,97,80,28,38,47,39,15,16,16,24,8,8,8,7,7,8,0,18,0,0,0,0,0,0,0]} 1. e4 c5 2. Nf3 d6 3. d4 cxd4 4. Nxd4 Nf6 5. Nc3 Nc6 6. Bg5 e6 7. f4 Qb6 8. Nb3 a6 9. Qf3 Be7 {B97: Sicilian Najdorf: Poisoned Pawn} 10. O-O-O Bd7 (10... O-O 11. Bxf6 Bxf6 12. Rxd6 a5 13. a4 Qb4 14. e5 Be7 15. Rd2 f6 16. Bd3 g6 17. Qg3 fxe5 18. fxe5 {½-½ (41) Nataf,I (2526)-Sutovsky,E (2609) New Delhi/Teheran 2000}) 11. Kb1 Qc7 {White is slightly better.} 12. g4 Rc8 13. Bh3 (13. Bh4 $16) 13... b5 {[%cal Bb7b5,Bb5b4][%mdl 32]} 14. Rhe1 $146 (14. Bxf6 $11 gxf6 15. Rd2) ({Predecessor:} 14. Bxf6 Bxf6 15. g5 Be7 16. f5 Ne5 17. Qg2 Nc4 18. g6 Nxb2 19. gxf7+ {1-0 (77) Virag,A (2195)-Barla,J Miskolc 2005}) 14... h6 (14... b4 $5 {[%cal Rb4c3]} 15. Bxf6 Bxf6 $15) 15. Bh4 ({White should try} 15. Bxf6 $1 $15 Bxf6 16. a3) 15... b4 $1 $17 {[%cal Rb4c3]} 16. Ne2 a5 17. Nbd4 Nxd4 18. Nxd4 e5 19. fxe5 dxe5 20. Bg3 Nh7 (20... a4 $17 21. Qd3 O-O) 21. Qe2 $11 O-O 22. Nf5 Bxf5 23. exf5 Bf6 24. Bg2 a4 {[%cal Ba5a4,Ba4a3][%mdl 32]} 25. Rd2 {[%cal Rg3e5]} a3 26. Bxe5 Qa7 {White must now prevent ...Rfe8.} 27. Bd6 ({White should play} 27. Qf2 $1 $11 Qxf2 28. Rxf2) 27... Rfd8 $1 $15 28. Bxb4 Rxd2 ({Better is} 28... Bxb2 $15 29. Qe7 Qb8) 29. Qxd2 $11 Bxb2 30. Bd5 $1 $36 {[%mdl 2048] With the idea Re7. Black is under pressure.} Nf6 31. Bb3 $1 Nxg4 32. c3 (32. Re7 $14 Qg1+ 33. Re1) 32... Nf6 $15 33. Re7 Qg1+ 34. Kc2 {[#]} (34. Qe1 $11 {remains equal.} Qxe1+ 35. Rxe1) 34... Qg4 $2 ({Don't play} 34... Qf1 $6 35. Bxf7+ Kh7 36. Kb3 $14) (34... Kh8 $1 $17 {Strongly threatening ...Qg4.} 35. Re1 (35. Bxf7 Qb6 $17) 35... Qg4) 35. Bxf7+ $16 Kh8 {Threatens to win with ...Ng8.} 36. Kb3 Qxf5 (36... Qg1 $142) 37. Be6 {[%mdl 64] Double Attack} Qb1 {( -> ...Bxc3+)} 38. Qc2 Qxc2+ 39. Kxc2 Rd8 40. Bc5 (40. h3 $142) 40... Nd5 {[#]} 41. Bxd5 $1 Rxd5 {[%mdl 4096] Endgame KRB-KRB} 42. Bd4 (42. Bb4 $16) 42... Rg5 $11 43. Kb3 Kg8 44. h4 Rg4 45. h5 Rg5 46. Rd7 Rb5+ {The position is equal.} 47. Kc2 Rxh5 48. Rxg7+ Kf8 49. Rh7 Rh2+ 50. Kb1 h5 51. Bf6 Ke8 52. Re7+ Kf8 {...Bxc3! is the strong threat.} 53. Rh7 {Accuracy: White = 33%, Black = 54%.} 1/2-1/2

[Event "SAIF POWERTEC 45th BAN Ch 2019"]
[Site "Dhaka"]
[Date "2019.11.08"]
[Round "7.4"]
[White "Mohammad Fahad, Rahman"]
[Black "Mehdi Hasan Parag"]
[Result "1-0"]
[WhiteElo "2250"]
[BlackElo "2181"]
[Annotator "ChessBase"]
[PlyCount "87"]
[EventDate "2019.11.02"]
[EventType "swiss"]
[EventCountry "BAN"]
[SourceTitle "playchess.com"]
[Source "ChessBase"]
[SourceQuality "1"]
[TimeControl "40/5400+30:1800+30"]

1. e4 {[%emt 0:00:00]} c5 {[%emt 0:00:58]} 2. Nf3 {[%emt 0:00:00]} Nc6 {[%emt 0:00:06]} 3. Nc3 {[%emt 0:00:10]} e5 {[%emt 0:00:31]} 4. Bc4 {[%emt 0:00:29]} Be7 {[%emt 0:00:03]} 5. d3 {[%emt 0:02:25]} d6 {[%emt 0:00:06]} 6. Nd2 {[%emt 0:00:31]} Nf6 {[%emt 0:00:06]} 7. Nf1 {[%emt 0:00:07]} Nd7 {[%emt 0:00:11]} 8. Ne3 {[%emt 0:03:34]} Nb6 {[%emt 0:00:23]} 9. O-O {[%emt 0:00:59]} O-O {[%emt 0:00:42]} 10. Ncd5 {[%emt 0:04:54]} Bg5 {[%emt 0:00:41]} 11. Nxb6 {[%emt 0:02:01]} axb6 {[%emt 0:00:03]} 12. c3 {[%emt 0:00:21]} Be6 {[%emt 0:03:01]} 13. a4 {[%emt 0:11:04]} Bxe3 {[%emt 0:03:59]} 14. Bxe3 {[%emt 0:00:15]} d5 {[%emt 0:01:01]} 15. Bb3 {[%emt 0:11:52]} Qd7 {[%emt 0:02:43]} 16. d4 {[%emt 0:08:06]} exd4 {[%emt 0:12:49]} 17. cxd4 {[%emt 0:00:02]} c4 {[%emt 0:02:59]} 18. Bc2 {[%emt 0:01:40]} Nb4 {[%emt 0:07:11]} 19. Bb1 {[%emt 0:17:37]} f5 {[%emt 0:04:53]} 20. exd5 {[%emt 0:12:28]} Nxd5 {[%emt 0:00:39]} 21. Bd2 {[%emt 0:01:36]} b5 {[%emt 0:02:02]} 22. a5 {[%emt 0:03:41]} Ra6 {[%emt 0:09:53]} 23. Re1 {[%emt 0:00:51]} Kh8 {[%emt 0:06:08]} 24. Qf3 {[%emt 0:02:23]} f4 {[%emt 0:02:52]} 25. Re5 {[%emt 0:01:37]} Bg8 {[%emt 0:05:35]} 26. Be4 {[%emt 0:01:03]} Rd6 {[%emt 0:01:43]} 27. Re1 {[%emt 0:00:55]} b4 {[%emt 0:03:41]} 28. h3 {[%emt 0:03:57]} Qd8 {[%emt 0:00:19]} 29. Rxd5 {[%emt 0:02:41]} Bxd5 {[%emt 0:04:14]} 30. Bxb4 {[%emt 0:00:09]} Re8 {[%emt 0:04:07]} 31. Bxd6 {[%emt 0:00:17]} Qxd6 {[%emt 0:00:03]} 32. Re2 {[%emt 0:00:45]} h6 {[%emt 0:06:06]} 33. Qh5 {[%emt 0:02:26]} Re6 {[%emt 0:04:09]} 34. Bc2 {[%emt 0:01:18]} Rxe2 {[%emt 0:02:37]} 35. Qxe2 {[%emt 0:00:01]} f3 {[%emt 0:00:33]} 36. gxf3 {[%emt 0:01:15]} Qf6 {[%emt 0:00:26]} 37. Qe8+ {[%emt 0:00:44]} Bg8 {[%emt 0:00:03]} 38. Qe3 {[%emt 0:01:46]} Qd8 {[%emt 0:00:38]} 39. Qe5 {[%emt 0:00:09]} Qf8 {[%emt 0:01:15]} 40. Be4 {[%emt 0:00:00]} Qb4 {[%emt 0:00:00]} 41. d5 {[%emt 0:06:49]} Qxa5 {[%emt 0:01:59]} 42. f4 {[%emt 0:00:27]} b5 {[%emt 0:07:11]} 43. d6 {[%emt 0:00:13]} Qd2 {[%emt 0:01:05]} 44. Qe7 {[%emt 0:03:10]} 1-0

[Event "SAIF POWERTEC 45th BAN Ch 2019"]
[Site "Dhaka"]
[Date "2019.11.08"]
[Round "7.5"]
[White "Abu Sufian, Shakil"]
[Black "Reefat, Bin-Sattar"]
[Result "0-1"]
[WhiteElo "2251"]
[BlackElo "2417"]
[Annotator "TA"]
[PlyCount "46"]
[EventDate "2019.11.02"]
[EventType "swiss"]
[EventCountry "BAN"]
[SourceTitle "playchess.com"]
[Source "ChessBase"]
[SourceQuality "1"]

{[%evp 25,46,38,52,34,75,-80,-85,-236,-230,-291,-286,-499,-485,-1027,-1020,-969,-1004,-29989,-29990,-29994,-29995,-29995,-29995]} 1. e4 e6 2. d4 d5 3. Nc3 Bb4 4. e5 c5 5. a3 Bxc3+ 6. bxc3 Qc7 7. Qg4 Ne7 8. Bd3 cxd4 9. Ne2 dxc3 10. Qxg7 Rg8 11. Qxh7 Nbc6 12. Bf4 Bd7 13. O-O O-O-O 14. Qh4 {C18: French: 3 Nc3 Bb4: Main line: 7 h4 and 7 Qg4} Rh8 $146 ({Predecessor:} 14... Ng6 15. Bxg6 Rxg6 16. Bg3 Rdg8 17. Rfe1 Qb6 18. Nxc3 Rg4 19. Qf6 Nd4 20. Qxf7 Qb2 21. Nxd5 exd5 {½-½ (51) Amonatov,F (2591)-Derli,O (2131) St Petersburg 2015}) 15. Qg3 $2 (15. Qf6 $16 {and life is bright.}) 15... Rdg8 $17 16. Qe3 $2 {[#]} (16. Qf3 $17 {was the only defense.}) 16... d4 $1 $19 {[%cal Rd4e3]} 17. Qc1 Nxe5 18. Nxd4 $2 (18. Bg3 Nxd3 19. cxd3) 18... N7c6 (18... Nxd3 $2 19. cxd3 e5 20. Re1 $19) 19. Bxe5 (19. Kh1 $142 Nxd4 20. Qe3) 19... Qxe5 {[%csl Gh8][%cal Re5h2][%mdl 64] Double Attack} 20. Nf3 {[#]} Qh5 $1 {( -> ...Rxg2+!)} 21. Qe3 {[#]} Nd4 $1 {[%mdl 512] Black mates.} 22. Qxd4 {[#]} Rxg2+ $1 {[%mdl 576] Clearance} 23. Kxg2 Qh3+ {Accuracy: White = 13%, Black = 85%.} 0-1

[Event "SAIF POWERTEC 45th BAN Ch 2019"]
[Site "Dhaka"]
[Date "2019.11.08"]
[Round "7.6"]
[White "Hossain, Enamul"]
[Black "Islam, Khandaker Aminul"]
[Result "1-0"]
[WhiteElo "2433"]
[BlackElo "2229"]
[Annotator "TA"]
[PlyCount "81"]
[EventDate "2019.11.02"]
[EventType "swiss"]
[EventCountry "BAN"]
[SourceTitle "playchess.com"]
[Source "ChessBase"]
[SourceQuality "1"]

{[%evp 17,81,14,33,33,25,21,20,23,16,10,12,5,68,78,66,72,73,64,75,37,30,29,24,6,8,-27,-43,-9,0,0,0,14,33,32,132,114,178,182,313,315,295,72,85,86,91,72,74,74,216,216,287,266,739,739,658,576,537,488,756,745,767,766,754,751,696,683]} 1. e4 e5 2. Nf3 Nc6 3. Bb5 a6 4. Ba4 Nf6 5. O-O Be7 6. Re1 b5 7. Bb3 d6 8. a4 b4 9. d4 Bg4 10. dxe5 {C90: Closed Ruy Lopez with 7...d6: Early deviations} Nxe5 11. Nbd2 Qc8 12. Qe2 {The position is equal.} O-O 13. h3 (13. Qe3 Nxf3+ 14. Nxf3 Re8 15. Bd2 Bf8 16. Qf4 Be6 17. Bxe6 Qxe6 18. Bxb4 {½-½ (60) Salgado Lopez,I (2622)-Anand,V (2785) Dubai 2014}) 13... Bh5 14. Qe3 Re8 $146 ({Better is} 14... Nxf3+ $11 15. Nxf3 Re8) ({Predecessor:} 14... Nxf3+ 15. Nxf3 Re8 16. Bd2 Bf8 17. Qf4 Qb7 {1-0 (34) Jazdanovs,A (2243)-Darmogray,M (2004) Bratislava 2019}) 15. Nxe5 $14 dxe5 16. a5 Bg6 17. Bc4 Qb7 18. b3 Qc6 19. Bb2 Bc5 20. Qf3 Rad8 21. Rad1 Rd6 22. g4 h6 23. Bd3 Nh7 {[#] Threatens to win with ...Rf6.} 24. Qg3 Rf6 25. Re2 Qe6 (25... Nf8 $14) 26. Nf3 $36 {[%mdl 2048] Black is under strong pressure.} h5 (26... Qd6 $16) 27. Bc4 $18 (27. Qxe5 hxg4 28. Qxe6 Rexe6 $11) 27... Qe7 (27... Rxf3 {might work better.} 28. Qxf3 Ng5 29. Bxe6 Nxf3+ 30. Kg2 Nh4+ 31. Kg3 Rxe6) 28. Nxe5 {[#] And now Rd7 would win.} (28. Qxe5 hxg4 29. hxg4 Qxe5 $18) 28... h4 29. Qxh4 $2 (29. Qg2 $18 {is more deadly.}) 29... Rd6 $16 30. Qxe7 Rxd1+ 31. Kg2 {[%cal Rc4f7]} Bxe7 32. Nxg6 Bf6 (32... Nf8 $16 33. Nxe7+ Rxe7) 33. e5 $18 Be7 34. Nf4 (34. Bxa6 fxg6 35. Bb5 Rb8 $17) ({Much less strong is} 34. Nxe7+ $6 Rxe7 35. e6 (35. Bxa6 Rd5 $16) 35... Kf8 $18) 34... Bd8 $2 (34... Nf8 35. e6 (35. Bxa6 Bg5 $16) 35... f6) 35. e6 {White is clearly winning.} fxe6 36. Bxe6+ Rxe6 37. Nxe6 Nf6 (37... Nf8 $142 38. Nxg7 Kf7) 38. Nxd8 Rxd8 39. Bxf6 gxf6 40. Re6 Rd2 41. Rc6 {Accuracy: White = 69%, Black = 35%.} 1-0

[Event "SAIF POWERTEC 45th BAN Ch 2019"]
[Site "Dhaka"]
[Date "2019.11.08"]
[Round "7.7"]
[White "Chatterjee, Debaraj"]
[Black "Nayem, Haque"]
[Result "*"]
[WhiteElo "2250"]
[BlackElo "1911"]
[Annotator "RC"]
[PlyCount "59"]
[EventDate "2019.11.02"]
[EventType "swiss"]
[EventCountry "BAN"]
[SourceTitle "playchess.com"]
[Source "ChessBase"]
[SourceQuality "1"]
[TimeControl "40/5400+30:1800+30"]

1. d4 {[%emt 0:18:30]} Nf6 {[%emt 0:00:00]} 2. c4 {[%emt 0:00:11]} g6 {[%emt 0:00:00]} 3. Nc3 {[%emt 0:00:16]} Bg7 {[%emt 0:00:02]} 4. e4 {[%emt 0:00:09]} d6 {[%emt 0:00:09]} 5. Nf3 {[%emt 0:00:07]} O-O {[%emt 0:00:11]} 6. Be2 {[%emt 0:00:06]} e5 {[%emt 0:00:26]} 7. O-O {[%emt 0:00:12]} Nc6 {[%emt 0:00:03]} 8. d5 {[%emt 0:00:07]} Ne7 {[%emt 0:00:18]} 9. b4 {[%emt 0:00:03]} a5 {[%emt 0:00:15]} 10. bxa5 {[%emt 0:00:17]} Rxa5 {[%emt 0:00:42]} 11. Nd2 {[%emt 0:01:05]} Nd7 {[%emt 0:00:17]} 12. Nb3 {[%emt 0:07:09]} Ra8 {[%emt 0:00:42]} 13. Be3 {[%emt 0:00:06]} b6 {[%emt 0:00:03]} 14. a4 {[%emt 0:00:47]} f5 {[%emt 0:00:19]} 15. f3 {[%emt 0:00:52]} Nc5 {[%emt 0:00:01]} 16. a5 {[%emt 0:04:52]} f4 {[%emt 0:05:24]} 17. Bf2 {[%emt 0:00:09]} g5 {[%emt 0:02:43]} 18. Qc2 {[%emt 1:04:02]} Nxb3 {[%emt 0:03:57]} 19. Qxb3 {[%emt 0:00:04]} bxa5 {[%emt 1:23:58]} 20. c5 {[%emt 0:00:55]} Bd7 {[%emt 0:07:29]} 21. c6 {[%emt 0:09:20]} Bc8 {[%emt 0:02:27]} 22. Qb5 {[%emt 0:00:22]} Rf6 {[%emt 0:16:32]} 23. Rxa5 {[%emt 0:01:53]} Rxa5 {[%emt 0:00:08]} 24. Qxa5 {[%emt 0:00:05]} Rh6 {[%emt 0:00:06]} 25. Rb1 {[%emt 0:06:48]} Qe8 {[%emt 0:01:03]} 26. Rb8 {[%emt 0:00:49]} Qh5 {[%emt 0:00:26]} 27. h3 {[%emt 0:08:31]} Bf8 {[%emt 0:00:10]} 28. Qa8 {[%emt 0:08:14]} Bxh3 {[%emt 0:00:16]} 29. Rxf8+ {[%emt 0:00:11]} Kg7 {[%emt 0:00:44]} 30. Qe8 {[%emt 0:00:56]} *

[Event "SAIF POWERTEC 45th BAN Ch 2019"]
[Site "Dhaka"]
[Date "2019.11.08"]
[Round "7.7"]
[White "Chatterjee, Debaraj"]
[Black "Nayem, Haque"]
[Result "1-0"]
[WhiteElo "2250"]
[BlackElo "1911"]
[Annotator "TA"]
[PlyCount "51"]
[EventDate "2019.11.02"]
[EventType "swiss"]
[EventCountry "BAN"]
[SourceTitle "playchess.com"]
[Source "ChessBase"]
[SourceQuality "1"]

{[%evp 30,59,47,47,120,114,117,97,118,118,113,108,195,187,177,101,426,393,410,417,595,550,845,714,957,952,897,921,2445,1226,2317,1226]} 1. d4 Nf6 2. c4 g6 3. Nc3 Bg7 4. e4 d6 5. Nf3 O-O 6. Be2 e5 7. O-O Nc6 8. d5 Ne7 9. b4 a5 10. bxa5 Rxa5 11. Nd2 Nd7 12. Nb3 Ra8 13. Be3 b6 14. a4 {[%cal Ba2a4,Ba4a5][%mdl 32]} f5 15. f3 Nc5 16. a5 f4 {E97: King's Indian: Classical Main Line (6...e5 7 0-0 Nc6): 8 Be3 and 8 d5 Ne7, not 9 Ne1} (16... Kh8 $14) (16... Bd7 17. Qc2 fxe4 18. fxe4 Rxf1+ 19. Bxf1 Kh8 20. Nxc5 dxc5 21. Qb2 Qb8 22. axb6 Rxa1 23. Qxa1 cxb6 24. Qb2 {½-½ (58) Gelfand,B (2733)-Morozevich,A (2741) Monte Carlo 2007}) 17. Bf2 $16 g5 18. Qc2 {[#]} Nxb3 $146 {White is better.} ({Predecessor:} 18... h5 19. axb6 Rxa1 20. Rxa1 cxb6 21. Ra8 Qd7 22. Nb5 Bb7 23. Ra7 Nc8 24. Ra3 Rf7 25. h3 Bf8 26. Be1 Be7 27. Na7 Bd8 28. Nxc5 bxc5 29. Nxc8 Bxc8 30. Qb2 Kh7 31. Ra8 {½-½ (31) Panno,O (2495)-Granda Zuniga,J (2590) Buenos Aires 1993}) 19. Qxb3 {[%cal Ra5b6]} bxa5 20. c5 Bd7 (20... Ng6 $16) 21. c6 $18 Bc8 22. Qb5 ({Better is} 22. Nb5 $18) 22... Rf6 $2 {[%mdl 8192] [#]} (22... g4 $16) 23. Rxa5 Rxa5 24. Qxa5 Rh6 (24... Ng6 $142 25. Rb1 Rf8) 25. Rb1 {White is clearly winning.} Qe8 26. Qxc7 {Played: Rb1-b8} 1-0

[Event "SAIF POWERTEC 45th BAN Ch 2019"]
[Site "Dhaka"]
[Date "2019.11.08"]
[Round "7.8"]
[White "Mohammed Abdul, Malek"]
[Black "Mohammad, Javed"]
[Result "0-1"]
[WhiteElo "2168"]
[BlackElo "2130"]
[Annotator "TA"]
[PlyCount "54"]
[EventDate "2019.11.02"]
[EventType "swiss"]
[EventCountry "BAN"]
[SourceTitle "playchess.com"]
[Source "ChessBase"]
[SourceQuality "1"]

{[%evp 15,102,-4,0,-27,-25,-62,-21,-14,-24,-26,-28,-89,-65,-78,-74,-72,-60,-75,-53,-59,-56,-70,-41,-67,-65,-77,-29,-83,-81,-120,-116,-131,-123,-154,-145,-151,-86,-240,-247,-239,-241,-340,-234,-234,-234,-234,-234,-234,-234,-292,-288,-527,-514,-619,-620,-554,-620,-638,-596,-1325,-599,-599,-593,-573,-580,-587,-538,-569,-563,-557,-550,-586,-583,-1060,-1066,-991,-976,-845,-945,-1825,-4817,-1497,-5021,-4897,-4813,-2182,-1987,-1032,-723]} 1. Nf3 Nf6 2. c4 e6 3. g3 d5 4. b3 Be7 5. Bg2 O-O 6. Bb2 b6 7. O-O Bb7 8. d3 c5 9. Qc2 {A14: English Opening: 1...e6 with b3 by White} (9. e3 Nc6 10. Qe2 Qc7 11. Nc3 Rad8 12. Rad1 Qb8 13. Nb1 e5 14. cxd5 Nxd5 15. Nbd2 Rfe8 16. a3 h6 17. Rfe1 b5 18. Ne4 Nf6 19. Nxf6+ Bxf6 {1-0 (42) Hou,Y (2651)-Kramnik,V (2809) Medias 2016}) 9... Nc6 10. Nbd2 Rc8 11. a3 {The position is equal.} d4 $146 ({Predecessor:} 11... h6 12. Rac1 d4 13. Rfe1 Bd6 14. e3 e5 15. exd4 exd4 16. Ne4 Nxe4 17. Rxe4 Ne7 18. Re2 {½-½ (66) Belous,V (2561)-Zvjaginsev,V (2660) St Petersburg 2015}) 12. Rad1 Qc7 13. e4 (13. e3 $11 {remains equal.}) 13... e5 14. Nh4 g6 15. Ndf3 Rcd8 16. Bc1 Nh5 17. Bh6 Ng7 18. Qd2 Bc8 19. Rde1 f6 20. h3 Rf7 21. Kh2 (21. Nh2 $11 {keeps the balance.}) 21... Be6 22. g4 Bd6 23. Bh1 Rdf8 24. Rg1 Ne7 25. Rg2 g5 (25... Rc8 $142 26. Rg3 Bd7) 26. Bxg5 $2 (26. Nf5 $17) 26... fxg5 $19 27. Nxg5 Rf6 {Played: Rf7-f4} 0-1